Total fitness & wellness / (رقم التسجيلة. 21991)

تفاصيل مارك
000 -الفاتح
حقل البيانات ثابتة الطول 01212cam a22003254a 4500
001 - رقم الضبط
رقم الضبط 15976922
003 - محدد رقم الضبط
رقم الضبط OSt
005 - وقت وتاريخ اخر تعامل مع التسجيلة
رقم الضبط 20150408114020.0
008 - عناصر البيانات ثابتة الطول - معلومات عامة
حقل البيانات ثابتة الطول 091106s2011 cau b 001 0 eng
010 ## - رقم ضبط مكتبة الكونجرس
رقم ضبط مكتبة الكونجرس 2009046905
020 ## - الرقم الدولى المعيارى للكتب
الرقم الدولى المعيارى للكتاب 9780321676542 (alk. paper)
020 ## - الرقم الدولى المعيارى للكتب
الرقم الدولى المعيارى للكتاب 0321676548 (alk. paper)
040 ## - مصدر الفهرسة
وكالة الفهرسة الأصلية DLC
وكالة النسخ DLC
وكالة التعديل DLC
050 00 - رقم طلب مكتبة الكونجرس
رقم التصنيف RA781
رقم المادة .P66 2011
082 00 - رقم تصنيف ديوى العشرى
رقم التصنيف 613.7
رقم الطبعة 22
100 1# - المدخل الرئيسى - إسم شخصى
الإسم الشخصى Powers, Scott K.
الشكل الأكمل للاسم (Scott Kline),
التواريخ المصاحبة للاسم 1950-
9 (RLIN) 11491
245 10 - بيان العنوان
العنوان Total fitness & wellness /
بيان المسئوليه,etc Scott K. Powers, Stephen L. Dodd, Erica M. Jackson ; contributor, Marilyn K. Miller.
246 3# - العنوان الموازى
عنوان صحيح/عنوان مختصر Total fitness and wellness
250 ## - بيان الطبعة
بيان الطبعة 5th ed., media update.
260 ## - PUBLICATION, DISTRIBUTION, ETC. (IMPRINT)
مكان الناشر او الموزع San Francisco :
اسم الناشر او الموزع Pearson Benjamin Cummings,
تاريخ النشر أو التوزيع c2011.
300 ## - الوصف المادى
التعداد 1 v. (various pagings) :
تفاصيل ماديه اخرى للوعاء ill. ;
أبعاد الوعاء 28 cm.
504 ## - تبصرة ببليوجرافية
تبصرة ببليوجرافية,الخ Includes bibliographical references and index.
650 #0 - المدخل الاضافى بالموضوع-مصطلح موضوعى
مصطلح موضوعي أو اسم جغرافي كعنصر مدخل Physical fitness
التقسيم الفرعي الشكلي Textbooks.
9 (RLIN) 10672
650 #0 - المدخل الاضافى بالموضوع-مصطلح موضوعى
مصطلح موضوعي أو اسم جغرافي كعنصر مدخل Health
التقسيم الفرعي الشكلي Textbooks.
9 (RLIN) 10673
700 1# - المدخل الاضافى - اسم شخصى
الإسم الشخصى Dodd, Stephen L.
9 (RLIN) 10675
700 1# - المدخل الاضافى - اسم شخصى
الإسم الشخصى Jackson, Erica M.
9 (RLIN) 11492
700 1# - المدخل الاضافى - اسم شخصى
الإسم الشخصى Miller, Marilyn K.
9 (RLIN) 11493
942 ## - عناصر المدخل الإضافي( كوها)
مصدر التصنيف او مخطط الترفيف Dewey Decimal Classification
Koha [default] item type كتاب
المقتنيات
حالة الفقد نموذج السعر الفعال حالة تلف ليس للاعارة رقم الطلب تاريخ الاكتساب الموقع الحالي الباركود الفرع الرئيسي Date last seen نوع المادة فى نظام كوها مصدر التصنيف او خطة الترفيف Total Checkouts Date last checked out
  2013-03-10     613.7 P S T 2012-04-20 المكتبة المركزية بالمجمعة (CL) 00084620 المكتبة المركزية بالمجمعة (CL) 2013-03-10 كتاب Dewey Decimal Classification    
  2013-03-10     613.7 P S T 2012-04-19 مكتبة كلية العلوم الطبية التطبيقية بالمجمعة - طالبات (AMF) 00084283 مكتبة كلية العلوم الطبية التطبيقية بالمجمعة - طالبات (AMF) 2013-03-10 كتاب Dewey Decimal Classification    
  2013-03-10     613.7 P S T 2012-04-19 مكتبة كلية العلوم الطبية التطبيقية بالمجمعة - طالبات (AMF) 00084272 مكتبة كلية العلوم الطبية التطبيقية بالمجمعة - طالبات (AMF) 2013-03-10 كتاب Dewey Decimal Classification    
  2013-03-10     613.7 P S T 2012-04-20 مكتبة كلية العلوم الطبية التطبيقية بالمجمعة - طالبات (AMF) 00084615 المكتبة المركزية بالمجمعة (CL) 2026-01-20 كتاب Dewey Decimal Classification 2 2025-12-10
  2013-03-10     613.7 P S T 2012-05-14 مكتبة كلية العلوم الطبية التطبيقية بالمجمعة - طالبات (AMF) 00087013 مكتبة كلية العلوم الطبية التطبيقية بالمجمعة - طالبات (AMF) 2013-03-10 كتاب Dewey Decimal Classification    
  2013-03-10     613.7 P S T 2012-05-14 مكتبة كلية العلوم الطبية التطبيقية بالمجمعة - طالبات (AMF) 00087014 مكتبة كلية العلوم الطبية التطبيقية بالمجمعة - طالبات (AMF) 2013-03-10 كتاب Dewey Decimal Classification    
  2013-03-10     613.7 P S T 2012-05-14 مكتبة كلية العلوم الطبية التطبيقية بالمجمعة - طالبات (AMF) 00087016 مكتبة كلية العلوم الطبية التطبيقية بالمجمعة - طالبات (AMF) 2013-03-10 كتاب Dewey Decimal Classification    
  2013-03-10     613.7 P S T 2012-05-14 مكتبة كلية العلوم الطبية التطبيقية بالمجمعة - طالبات (AMF) 00087017 مكتبة كلية العلوم الطبية التطبيقية بالمجمعة - طالبات (AMF) 2013-03-10 كتاب Dewey Decimal Classification